Rayo Vallecano Squad 2014-2015 - Statistics

General Stats
  • This quiz has been taken 8 times
  • The average score is 15 of 28
Answer Stats
# Position Nation Player % Correct
15 DF Senegal Abdoulaye Ba
75%
4 DF Spain Antonio Amaya
75%
1 GK Spain David Cobeño
75%
21 MF Spain Jozabed Sánchez
75%
7 FW Guinea Lass Bangoura
75%
19 FW Brazil Léo Baptistão
75%
9 FW Angola Manucho
75%
7 FW Venezuela Miku
75%
- Coach Spain Paco Jémez
75%
10 MF Spain Roberto Trashorras
75%
2 DF Spain Tito
75%
25 GK Spain Toño
75%
18 DF Portugal Zé Castro
75%
29 FW Spain Adrián Embarba
50%
23 FW Spain Alberto Bueno
50%
27 FW Spain Álex Moreno
50%
12 FW DR Congo Gaël Kakuta
50%
16 FW Mexico Javier Aquino
50%
3 DF Spain Nacho Martínez
50%
8 MF Spain Raúl Baena
50%
24 MF Spain Alejandro Pozuelo
25%
13 GK Argentina Cristian Álvarez
25%
14 DF Argentina Emiliano Insúa
25%
11 FW Spain Jonathan Pereira
25%
20 DF Spain Jorge Morcillo
25%
22 FW Portugal Licá
25%
6 MF Ghana Mohammed Fatau
25%
17 DF Spain Quini
25%
No matching quizzes found
Score Distribution
Percent of People with Each Score
Percentile by Number Answered
Your Score History
You have not taken this quiz